| 000 | 01253cam a22002174a 4500 | ||
|---|---|---|---|
| 005 | 20250605164307.0 | ||
| 008 | 250528s ||||||||||||||||||||||||d | ||
| 035 | _a22333 | ||
| 020 | _a9789603947172 | ||
| 040 |
_aGR-AtMCL _bgre _dGR-AtMCL _eAACR2 |
||
| 245 | 1 | _aΑΝΘΡΩΠΙΝΟ ΝΟΣΟΚΟΜΕΙΟ | |
| 250 | _a1 | ||
| 260 |
_bΕκδόσεις Παρισιάνου, _c2010 |
||
| 300 | _a328 | ||
| 505 | 0 | _aΦΡΟΝΤΙΔΑ ΥΓΕΙΑΣ ΝΟΣΟΚΟΜΕΙΑΚΗ ΔΟΜΗ ΑΝΘΡΩΠΙΝΟ ΔΥΝΑΜΙΚΟ ΛΕΙΤΟΥΡΓΙΚΟΤΗΤΑ ΕΠΙΧΕΙΡΗΣΙΑΚΗ ΕΤΟΙΜΟΤΗΤΑ ΙΑΤΡΟΤΕΧΝΙΚΗ ΚΑΛΥΨΗ ΠΡΑΚΤΙΚΕΣ ΔΙΕΥΚΟΛΥΝΣΕΙΣ ΥΓΕΙΟΝΟΜΙΚΕΣ ΔΡΑΣΤΗΡΙΟΤΗΤΕΣ ΕΠΙΚΟΙΝΩΝΙΑ ΣΤΗΝ ΥΓΕΙΑ | |
| 520 | _aΦΡΟΝΤΙΔΑ ΥΓΕΙΑΣ ΝΟΣΟΚΟΜΕΙΑΚΗ ΔΟΜΗ ΑΝΘΡΩΠΙΝΟ ΔΥΝΑΜΙΚΟ ΛΕΙΤΟΥΡΓΙΚΟΤΗΤΑ ΕΠΙΧΕΙΡΗΣΙΑΚΗ ΕΤΟΙΜΟΤΗΤΑ ΙΑΤΡΟΤΕΧΝΙΚΗ ΚΑΛΥΨΗ ΠΡΑΚΤΙΚΕΣ ΔΙΕΥΚΟΛΥΝΣΕΙΣ ΥΓΕΙΟΝΟΜΙΚΕΣ ΔΡΑΣΤΗΡΙΟΤΗΤΕΣ ΕΠΙΚΟΙΝΩΝΙΑ ΣΤΗΝ ΥΓΕΙΑ | ||
| 700 | 1 |
_aΚεκατος Ε.Β _98188 |
|
| 942 | _cBK | ||
| 999 |
_c7387 _d7387 |
||